[Event "GBR-ch72"]
[Site "Edinburgh"]
[Date "1985.08.01"]
[Round "4.4"]
[White "Ravikumar, Vaidyanathan"]
[Black "Miles, Anthony J"]
[Result "1/2-1/2"]
[WhiteElo "2370"]
[BlackElo "2560"]
[PlyCount "75"]
[EventDate "1985.07.29"]
[EventType "swiss"]
[EventRounds "11"]
[EventCountry "GBR"]
[SourceTitle "BritBase"]
[Source "John Saunders"]
[SourceDate "2020.09.07"]
[SourceVersion "1"]
[SourceVersionDate "2020.09.07"]
[SourceQuality "2"]

1. d4 Nf6 2. c4 c5 3. d5 b5 4. cxb5 a6 5. e3 g6 6. Nc3 Bg7 7. a4 O-O 8. Nf3 Bb7
9. Ra3 e6 10. dxe6 fxe6 11. Qd6 axb5 12. Bxb5 Qc8 13. O-O Ne8 14. Qg3 Bxf3 15.
gxf3 d5 16. Be2 Nc6 17. f4 Nd6 18. Qh3 Rb8 19. Rd1 Re8 20. Nb5 Rd8 21. Nxd6
Rxd6 22. Bg4 Kh8 23. e4 Nd4 24. e5 Rc6 25. a5 Qa6 26. Qf1 Nb3 27. Be2 c4 28.
Be3 Bf8 29. Ra2 Bc5 30. Bxc5 Rxc5 31. Qh3 Rc7 32. Ra3 Nc5 33. b3 Qb5 34. bxc4
dxc4 35. Qh4 Nd7 36. Qe7 Qc6 37. a6 c3 38. a7 1/2-1/2

[Event "GBR-ch72"]
[Site "Edinburgh"]
[Date "1985.08.01"]
[Round "4.5"]
[White "Kosten, Anthony C"]
[Black "King, Daniel J"]
[Result "0-1"]
[WhiteElo "2395"]
[BlackElo "2435"]
[PlyCount "110"]
[EventDate "1985.07.29"]
[EventType "swiss"]
[EventRounds "11"]
[EventCountry "GBR"]
[SourceTitle "BritBase"]
[Source "John Saunders"]
[SourceDate "2020.09.07"]
[SourceVersion "1"]
[SourceVersionDate "2020.09.07"]
[SourceQuality "2"]

1. e4 c5 2. Nf3 d6 3. d4 cxd4 4. Nxd4 Nf6 5. Nc3 a6 6. Be3 e5 7. Nb3 Be6 8. Qd2
Nbd7 9. Be2 b5 10. Bf3 Bc4 11. Nd5 Nxd5 12. exd5 a5 13. a4 b4 14. Be2 Qc7 15.
O-O Be7 16. Bxc4 Qxc4 17. f4 O-O 18. Rae1 Bf6 19. Qd3 Rfc8 20. Re2 exf4 21.
Bxf4 Be5 22. Qxc4 Rxc4 23. Bxe5 Nxe5 24. Rd1 Kf8 25. Nd4 g6 26. b3 Rc5 27. Rf1
Ke8 28. Nb5 Ke7 29. Rd1 Kd7 30. h3 f5 31. Kf2 Re8 32. Rdd2 h5 33. g3 Rh8 34.
Rd4 g5 35. Kg2 Rg8 36. Kf2 Rgc8 37. Na7 R8c7 38. Nb5 Rc8 39. Na7 Rf8 40. Nb5
Rf7 41. Kg2 f4 42. gxf4 Ng6 43. Kh2 Nxf4 44. Rf2 h4 45. c4 bxc3 46. Na3 Rf5 47.
Nc4 Kc7 48. Re4 Rfxd5 49. Re7+ Kd8 50. Rb7 Rd3 51. Rf1 c2 52. Re1 Rxh3+ 53. Kg1
c1=Q 54. Rxc1 Ne2+ 55. Kf2 Nxc1 0-1

[Event "GBR-ch72"]
[Site "Edinburgh"]
[Date "1985.08.01"]
[Round "4.6"]
[White "Martin, Andrew D"]
[Black "Wells, Peter K"]
[Result "1-0"]
[WhiteElo "2410"]
[BlackElo "2365"]
[PlyCount "65"]
[EventDate "1985.07.29"]
[EventType "swiss"]
[EventRounds "11"]
[EventCountry "GBR"]
[SourceTitle "BritBase"]
[Source "John Saunders"]
[SourceDate "2020.09.07"]
[SourceVersion "1"]
[SourceVersionDate "2020.09.07"]
[SourceQuality "2"]

1. d4 Nf6 2. c4 e6 3. Nc3 Bb4 4. e3 b6 5. Bd3 Bb7 6. Nf3 O-O 7. O-O c5 8. Na4
cxd4 9. a3 Be7 10. exd4 d6 11. b4 Nbd7 12. Nc3 Re8 13. Bb2 Bf8 14. Re1 a5 15.
Rb1 axb4 16. axb4 e5 17. d5 b5 18. Nd2 bxc4 19. Nxc4 Nb6 20. Na5 Bxd5 21. Bb5
Re6 22. Nxd5 Nfxd5 23. Bc6 Nf4 24. g3 Rg6 25. Bc1 Rc8 26. Be4 Nh3+ 27. Kg2 Nxf2
28. Kxf2 f5 29. Bd5+ Kh8 30. Bf7 Rg4 31. Be6 Rc7 32. Be3 Rc3 33. Bxf5 {time}
1-0

[Event "GBR-ch72"]
[Site "Edinburgh"]
[Date "1985.08.01"]
[Round "4.7"]
[White "Rogers, Ian"]
[Black "Howell, James C"]
[Result "1/2-1/2"]
[WhiteElo "2510"]
[BlackElo "2370"]
[PlyCount "47"]
[EventDate "1985.07.29"]
[EventType "swiss"]
[EventRounds "11"]
[EventCountry "GBR"]
[SourceTitle "BritBase"]
[Source "John Saunders"]
[SourceDate "2020.09.07"]
[SourceVersion "1"]
[SourceVersionDate "2020.09.07"]
[SourceQuality "2"]

1. d4 Nf6 2. c4 g6 3. Nc3 Bg7 4. e4 d6 5. Nge2 O-O 6. Ng3 e5 7. d5 c6 8. Be2 a6
9. O-O cxd5 10. cxd5 b5 11. b4 Nbd7 12. a4 bxa4 13. Nxa4 Nb6 14. Nb2 Ne8 15. f3
f5 16. Nh1 f4 17. Nf2 Nc7 18. Nc4 Nxc4 19. Bxc4 Bd7 20. Bb2 Nb5 21. Qe2 Qb6 22.
Kh1 Rfc8 23. Rfc1 a5 24. bxa5 1/2-1/2

[Event "GBR-ch72"]
[Site "Edinburgh"]
[Date "1985.08.01"]
[Round "4.8"]
[White "Arkell, Keith C"]
[Black "Hebden, Mark L"]
[Result "0-1"]
[WhiteElo "2385"]
[BlackElo "2455"]
[PlyCount "100"]
[EventDate "1985.07.29"]
[EventType "swiss"]
[EventRounds "11"]
[EventCountry "GBR"]
[SourceTitle "BritBase"]
[Source "John Saunders"]
[SourceDate "2020.09.07"]
[SourceVersion "1"]
[SourceVersionDate "2020.09.07"]
[SourceQuality "2"]

1. d4 Nf6 2. Nc3 d5 3. Bg5 Nbd7 4. Nf3 c6 5. e3 Qb6 6. Rb1 g6 7. Bd3 Bg7 8. O-O
O-O 9. e4 dxe4 10. Nxe4 Nxe4 11. Bxe4 Nf6 12. Bd3 Bg4 13. Re1 Rfe8 14. c3 Qa5
15. Bxf6 exf6 16. Rxe8+ Rxe8 17. a3 Qd5 18. h3 Bc8 19. Nh2 h5 20. Qd2 Bf8 21.
Re1 Qg5 22. Re2 Qxd2 23. Rxd2 Re1+ 24. Nf1 Bh6 25. Rc2 Be6 26. c4 Rd1 27. Rc3
f5 28. Be2 Rxd4 29. b4 Bg7 30. Rc2 f4 31. Nd2 Bf5 32. Ra2 Rd8 33. Bf3 Re8 34.
b5 cxb5 35. cxb5 Re1+ 36. Kh2 Bd4 37. Nb3 Bb6 38. Rd2 Be4 39. a4 Bxf3 40. gxf3
Rb1 41. Rd3 Bxf2 42. Na5 Ra1 43. Nxb7 Rxa4 44. Rd7 Ra2 45. Kh1 Bb6 46. Re7 Rd2
47. Re5 Rd7 48. Nc5 Rd1+ 49. Kg2 f6 50. Re8+ Kf7 0-1

[Event "GBR-ch72"]
[Site "Edinburgh"]
[Date "1985.08.01"]
[Round "4.9"]
[White "Hodgson, Julian M"]
[Black "Teichmann, Erik OMC"]
[Result "1-0"]
[WhiteElo "2445"]
[BlackElo "2385"]
[PlyCount "61"]
[EventDate "1985.07.29"]
[EventType "swiss"]
[EventRounds "11"]
[EventCountry "GBR"]
[SourceTitle "BritBase"]
[Source "John Saunders"]
[SourceDate "2020.09.07"]
[SourceVersion "1"]
[SourceVersionDate "2020.09.07"]
[SourceQuality "2"]

1. d4 d5 2. Nf3 c6 3. c4 e6 4. Nbd2 Nf6 5. g3 Nbd7 6. Bg2 Be7 7. O-O O-O 8. Qc2
b6 9. Rd1 Bb7 10. e4 Rc8 11. b3 Qc7 12. e5 Ne8 13. Nf1 c5 14. Bf4 cxd4 15. Rxd4
Bc5 16. Rd2 dxc4 17. Ng5 g6 18. Bxb7 Qxb7 19. Rad1 cxb3 20. Qxb3 Nb8 21. Ne3
Nc6 22. Ng4 Be7 23. Rd7 Rc7 24. Nh6+ Kg7 25. Nhxf7 Rxd7 26. Rxd7 Qxd7 27. Nxe6+
Kxf7 28. Nc5+ Kg7 29. Nxd7 Rf7 30. e6 Rf5 31. Qc3+ 1-0

[Event "GBR-ch72"]
[Site "Edinburgh"]
[Date "1985.08.01"]
[Round "4.10"]
[White "Levitt, Jonathan"]
[Black "Hartston, William Roland"]
[Result "0-1"]
[WhiteElo "2375"]
[BlackElo "2430"]
[PlyCount "84"]
[EventDate "1985.07.29"]
[EventType "swiss"]
[EventRounds "11"]
[EventCountry "GBR"]
[SourceTitle "BritBase"]
[Source "John Saunders"]
[SourceDate "2020.09.07"]
[SourceVersion "1"]
[SourceVersionDate "2020.09.07"]
[SourceQuality "2"]

1. d4 Nf6 2. Nf3 d5 3. c4 e6 4. Nc3 Nbd7 5. Bg5 Be7 6. e3 h6 7. Bh4 O-O 8. Rc1
a6 9. cxd5 exd5 10. Bd3 c6 11. O-O Re8 12. Bg3 Nf8 13. Ne5 N6d7 14. e4 Nxe5 15.
Bxe5 dxe4 16. Bxe4 Nd7 17. Bg3 Nf6 18. Bb1 Be6 19. Qd3 g6 20. Qd2 Nd5 21. Be5
Kh7 22. Rcd1 Qd7 23. h3 Rad8 24. Be4 Bf5 25. Bxd5 cxd5 26. Rc1 Rc8 27. Rfe1 b5
28. Ne2 f6 29. Bf4 g5 30. Be3 Rc4 31. Rxc4 dxc4 32. Rd1 Bd6 33. h4 Bd3 34. hxg5
hxg5 35. Nc1 Be4 36. Qe2 Kg6 37. d5 Qh7 38. Qg4 Qh2+ 39. Kf1 Qh1+ 40. Ke2 Qxg2
41. Qxg2 Bxg2 42. b3 g4 0-1

[Event "GBR-ch72"]
[Site "Edinburgh"]
[Date "1985.08.01"]
[Round "4.11"]
[White "McNab, Colin Anderson"]
[Black "Thomson, Craig"]
[Result "1/2-1/2"]
[WhiteElo "2420"]
[BlackElo "2260"]
[PlyCount "75"]
[EventDate "1985.07.29"]
[EventType "swiss"]
[EventRounds "11"]
[EventCountry "GBR"]
[SourceTitle "BritBase"]
[Source "John Saunders"]
[SourceDate "2020.09.07"]
[SourceVersion "1"]
[SourceVersionDate "2020.09.07"]
[SourceQuality "2"]

1. c4 Nf6 2. Nf3 e6 3. g3 d5 4. b3 c5 5. Bg2 Nc6 6. O-O Be7 7. e3 O-O 8. Bb2 b6
9. Qe2 Ba6 10. Na3 Rc8 11. Nb5 Qd7 12. Rfd1 Rfd8 13. Rac1 dxc4 14. bxc4 Qd3 15.
Bf1 Qxe2 16. Bxe2 Ne8 17. Ne5 Nxe5 18. Bxe5 Rd7 19. a4 Rcd8 20. d3 f6 21. Bb2
Nd6 22. Ra1 Bxb5 23. axb5 e5 24. e4 Nf7 25. Ra3 Bd6 26. Rda1 Bb8 27. Bc1 Ng5
28. Bxg5 fxg5 29. Kg2 g6 30. Kf3 Rf7+ 31. Ke3 h5 32. f3 Rdf8 33. Rh1 Rh7 34.
Raa1 Kf7 35. Rag1 Rh6 36. h4 gxh4 37. gxh4 Kg7 38. Rh2 1/2-1/2

[Event "GBR-ch72"]
[Site "Edinburgh"]
[Date "1985.08.01"]
[Round "4.12"]
[White "Buckmire, Ron"]
[Black "Johansen, Darryl Keith"]
[Result "0-1"]
[WhiteElo "2200"]
[BlackElo "2410"]
[PlyCount "65"]
[EventDate "1985.07.29"]
[EventType "swiss"]
[EventRounds "11"]
[EventCountry "GBR"]
[SourceTitle "BritBase"]
[Source "John Saunders"]
[SourceDate "2020.09.07"]
[SourceVersion "1"]
[SourceVersionDate "2020.09.07"]
[SourceQuality "2"]

1. d4 e6 2. Nf3 c5 3. g3 b6 4. Bg2 Bb7 5. c4 cxd4 6. Qxd4 Nf6 7. O-O Be7 8. Nc3
O-O 9. e4 d6 10. Qd3 Nbd7 11. Nd4 a6 12. f4 Rc8 13. b3 Qc7 14. Bb2 Rfe8 15. h3
Bf8 16. Rae1 g6 17. g4 Bg7 18. f5 Nc5 19. Qd2 exf5 20. exf5 Bxg2 21. Kxg2 Qb7+
22. Kg1 d5 23. Nxd5 Nxd5 24. cxd5 Qxd5 25. Rd1 Ne4 26. Qd3 Red8 27. fxg6 hxg6
28. Qf3 Ng5 29. Qg2 Qc5 30. b4 Qxb4 31. h4 Bxd4+ 32. Bxd4 Rxd4 33. hxg5 0-1

[Event "GBR-ch72"]
[Site "Edinburgh"]
[Date "1985.08.01"]
[Round "4.13"]
[White "Basman, Michael John"]
[Black "Evans, Raymond G"]
[Result "1-0"]
[WhiteElo "2400"]
[BlackElo "2128"]
[PlyCount "53"]
[EventDate "1985.07.29"]
[EventType "swiss"]
[EventRounds "11"]
[EventCountry "GBR"]
[SourceTitle "BritBase"]
[Source "John Saunders"]
[SourceDate "2020.09.07"]
[SourceVersion "1"]
[SourceVersionDate "2020.09.07"]
[SourceQuality "2"]

1. e4 c5 2. Be2 Nc6 3. Nf3 Nf6 4. e5 Ng4 5. b4 d6 6. e6 Bxe6 7. Ng5 Qd7 8. bxc5
dxc5 9. Nxe6 Qxe6 10. O-O h5 11. Nc3 Qe5 12. g3 O-O-O 13. Rb1 e6 14. Bf3 Be7
15. Bxc6 bxc6 16. Qf3 Qc7 17. Qxf7 Rh6 18. d3 Rf8 19. Qxg7 Rhh8 20. Bf4 e5 21.
Bg5 Bxg5 22. Qxg5 Nxh2 23. Kxh2 h4 24. Qg4+ Kd8 25. Kg2 hxg3 26. fxg3 Rfg8 27.
Qf3 1-0

[Event "GBR-ch72"]
[Site "Edinburgh"]
[Date "1985.08.01"]
[Round "4.14"]
[White "Small, Simon"]
[Black "Pritchett, Craig William"]
[Result "0-1"]
[WhiteElo "2152"]
[BlackElo "2395"]
[PlyCount "152"]
[EventDate "1985.07.29"]
[EventType "swiss"]
[EventRounds "11"]
[EventCountry "GBR"]
[SourceTitle "BritBase"]
[Source "John Saunders"]
[SourceDate "2020.09.07"]
[SourceVersion "1"]
[SourceVersionDate "2020.09.07"]
[SourceQuality "2"]

1. d4 Nf6 2. Nc3 d5 3. Bg5 Nbd7 4. Nf3 h6 5. Bh4 e6 6. e4 dxe4 7. Nxe4 Be7 8.
Bxf6 Nxf6 9. Bd3 Nxe4 10. Bxe4 c5 11. O-O Qc7 12. c3 O-O 13. Bc2 Rd8 14. Qe2
Bd7 15. Rad1 Be8 16. Rfe1 cxd4 17. Nxd4 Bf6 18. Qe4 g6 19. Bb3 Kg7 20. Rd3 e5
21. Nf5+ gxf5 22. Rg3+ Kf8 23. Qxf5 Rd6 24. Qh7 Rad8 25. Qxh6+ Ke7 26. Rge3 Rd3
27. R3e2 Bc6 28. Qh7 Kf8 29. Bc2 R3d7 30. h4 Bd5 31. h5 Be6 32. h6 Rd2 33. Re3
Ke7 34. Qe4 Bg5 35. Rg3 f5 36. Qb4+ Kf6 37. Ba4 Bxh6 38. Qh4+ Kf7 39. Qxh6 Ke7
40. Qh7+ Kd6 41. Qxc7+ Kxc7 42. Rxe5 Bxa2 43. Rg7+ Kb8 44. b4 a6 45. Be8 Rc2
46. Ree7 Bd5 47. Bf7 Bc6 48. c4 Rb2 49. Bd5 Bxd5 50. cxd5 Rxb4 51. Re5 f4 52.
g4 fxg3 53. Rxg3 Rd4 54. Rgg5 Kc7 55. Kf1 Rd2 56. Ref5 Rd7 57. Ke1 Rb2 58. Rg3
Kd6 59. Rd3 Rb4 60. Ke2 Re4+ 61. Kf3 Re5 62. Rf6+ Kc7 63. Rc3+ Kb8 64. d6 Rd5
65. Ke4 R5xd6 66. Rxd6 Rxd6 67. Ke5 Rd2 68. f4 Re2+ 69. Kf5 b5 70. Rc6 Kb7 71.
Re6 Rxe6 72. Kxe6 b4 73. f5 b3 74. f6 b2 75. f7 b1=Q 76. f8=Q Qe4+ 0-1

[Event "GBR-ch72"]
[Site "Edinburgh"]
[Date "1985.08.01"]
[Round "4.15"]
[White "Ivell, Nicholas W"]
[Black "Bryson, Douglas"]
[Result "1/2-1/2"]
[WhiteElo "2350"]
[BlackElo "2275"]
[PlyCount "120"]
[EventDate "1985.07.29"]
[EventType "swiss"]
[EventRounds "11"]
[EventCountry "GBR"]
[SourceTitle "BritBase"]
[Source "John Saunders"]
[SourceDate "2020.09.07"]
[SourceVersion "1"]
[SourceVersionDate "2020.09.07"]
[SourceQuality "2"]

1. e4 Nf6 2. e5 Nd5 3. d4 d6 4. c4 Nb6 5. exd6 cxd6 6. Nc3 g6 7. Be3 Bg7 8. Bd3
Nc6 9. Nge2 O-O 10. O-O Bg4 11. f3 Bf5 12. b3 Bxd3 13. Qxd3 d5 14. c5 Nc8 15.
Rab1 e6 16. b4 N8e7 17. b5 Na5 18. Bf2 Nc4 19. Rfd1 Nf5 20. Ng3 Nh4 21. Nf1 Qg5
22. g3 h5 23. f4 Qg4 24. Kh1 Nf5 25. Qe2 Qh3 26. Rd3 Rae8 27. Nd2 Nxd2 28. Qxd2
Ne7 29. Qe2 Qf5 30. Re1 Kh7 31. Kg2 Ng8 32. Qf3 Nh6 33. h3 Rd8 34. Bg1 f6 35.
a4 Rfe8 36. Rd2 Bf8 37. Rde2 b6 38. c6 Bb4 39. Rf1 Bd6 40. Nd1 Bc7 41. Rfe1 Kg7
42. Nf2 Kh7 43. Bh2 e5 44. dxe5 fxe5 45. fxe5 Qxf3+ 46. Kxf3 Nf5 47. Kg2 Nd4
48. Rd2 Rxe5 49. Rxe5 Bxe5 50. Nd3 Bd6 51. Bg1 Nf5 52. a5 Bc7 53. axb6 axb6 54.
Nb4 d4 55. g4 hxg4 56. hxg4 Nd6 57. Bxd4 Nf7 58. Rf2 Kg8 59. Bf6 Rd6 60. g5 Bd8
1/2-1/2

[Event "GBR-ch72"]
[Site "Edinburgh"]
[Date "1985.08.01"]
[Round "4.16"]
[White "McDonald, Neil R"]
[Black "Thipsay, Praveen Mahadeo"]
[Result "1/2-1/2"]
[WhiteElo "2216"]
[BlackElo "2495"]
[PlyCount "99"]
[EventDate "1985.07.29"]
[EventType "swiss"]
[EventRounds "11"]
[EventCountry "GBR"]
[SourceTitle "BritBase"]
[Source "John Saunders"]
[SourceDate "2020.09.07"]
[SourceVersion "1"]
[SourceVersionDate "2020.09.07"]
[SourceQuality "2"]

1. Nf3 Nf6 2. g3 g6 3. Bg2 Bg7 4. O-O O-O 5. d3 d5 6. Nbd2 Nc6 7. e4 e5 8. c3
a5 9. Qc2 Re8 10. Re1 h6 11. exd5 Nxd5 12. Nc4 Kh7 13. Ne3 Be6 14. Nxd5 Bxd5
15. Be3 Qd7 16. Rad1 Rad8 17. Nh4 f5 18. f4 exf4 19. gxf4 Re6 20. Bf2 Bxg2 21.
Nxg2 Rxe1+ 22. Bxe1 Qd5 23. a4 Qf3 24. Bh4 Re8 25. Re1 Rxe1+ 26. Bxe1 Ne7 27.
Bf2 Nd5 28. Qd2 b6 29. c4 Nb4 30. Ne1 Qg4+ 31. Kf1 Nc6 32. d4 Qh3+ 33. Kg1 Qb3
34. d5 Nb4 35. d6 cxd6 36. Qxd6 Qxc4 37. Qxb6 Nd5 38. Qb5 Qe4 39. Nd3 Qf3 40.
h3 Nf6 41. b4 Ne4 42. bxa5 Qxh3 43. a6 Nc3 44. Qe8 Qxd3 45. a7 Qd1+ 46. Kg2
Qg4+ 47. Kf1 Qh3+ 48. Kg1 Qg4+ 49. Kf1 Qh3+ 50. Kg1 1/2-1/2

[Event "GBR-ch72"]
[Site "Edinburgh"]
[Date "1985.08.01"]
[Round "4.17"]
[White "Flear, Glenn C"]
[Black "Conquest, Stuart"]
[Result "1-0"]
[WhiteElo "2475"]
[BlackElo "2345"]
[PlyCount "67"]
[EventDate "1985.07.29"]
[EventType "swiss"]
[EventRounds "11"]
[EventCountry "GBR"]
[SourceTitle "BritBase"]
[Source "John Saunders"]
[SourceDate "2020.09.07"]
[SourceVersion "1"]
[SourceVersionDate "2020.09.07"]
[SourceQuality "2"]

1. d4 Nf6 2. c4 g6 3. Nc3 d5 4. cxd5 Nxd5 5. e4 Nxc3 6. bxc3 Bg7 7. Nf3 c5 8.
Rb1 O-O 9. Be2 b6 10. O-O Bb7 11. Qc2 cxd4 12. cxd4 Qc8 13. Qd3 Rd8 14. Bg5 h6
15. Rbc1 Qg4 16. Bxe7 Re8 17. Rc7 Bxe4 18. Qb3 Nc6 19. h3 Qf5 20. g4 Qe6 21.
Bc4 Qxe7 22. Bxf7+ Kh7 23. Rxe7 Rxe7 24. Re1 Rf8 25. Rxe4 Rexf7 26. Ne5 Nxe5
27. dxe5 Rxf2 28. e6 Rf1+ 29. Kg2 R8f2+ 30. Kg3 Rd2 31. e7 Rg1+ 32. Kf3 h5 33.
g5 Rxg5 34. e8=Q 1-0

[Event "GBR-ch72"]
[Site "Edinburgh"]
[Date "1985.08.01"]
[Round "4.18"]
[White "Abayasekera, Roger"]
[Black "Cummings, David H"]
[Result "0-1"]
[WhiteElo "2200"]
[BlackElo "2415"]
[PlyCount "123"]
[EventDate "1985.07.29"]
[EventType "swiss"]
[EventRounds "11"]
[EventCountry "GBR"]
[SourceTitle "BritBase"]
[Source "John Saunders"]
[SourceDate "2020.09.07"]
[SourceVersion "1"]
[SourceVersionDate "2020.09.07"]
[SourceQuality "2"]

1. e4 c5 2. c3 d5 3. exd5 Qxd5 4. d4 Nf6 5. Nf3 Nc6 6. Be2 e6 7. O-O Be7 8. c4
Qd8 9. dxc5 Qxd1 10. Rxd1 Bxc5 11. Nc3 O-O 12. Bf4 b6 13. Bd6 Bxd6 14. Rxd6 Bb7
15. Rad1 Rab8 16. b3 h6 17. R6d2 Rbc8 18. Bd3 Rfd8 19. Bb1 Rxd2 20. Rxd2 Kf8
21. Kf1 Ke7 22. Ke2 g5 23. h3 Nh5 24. g3 f5 25. Nb5 Nf6 26. Nbd4 Nxd4+ 27. Rxd4
Nd7 28. Rd2 Rg8 29. Rd1 h5 30. h4 Bxf3+ 31. Kxf3 gxh4 32. gxh4 Rg4 33. Rh1 Ne5+
34. Ke3 Ng6 35. Bc2 Kf6 36. Bd1 Re4+ 37. Kd2 Nf4 38. Bf3 Rd4+ 39. Kc2 e5 40. a3
e4 41. Bd1 Rd3 42. Re1 Rh3 43. Kd2 Rxh4 44. b4 Rh2 45. c5 bxc5 46. bxc5 Ne6 47.
c6 Rxf2+ 48. Kc3 h4 49. Rh1 e3 50. Bb3 e2 51. Bc4 h3 52. Kd2 h2 53. Bxe2 Nf4
54. Ke3 Rxe2+ 55. Kxf4 Ke6 56. Rc1 Rc2 57. Rh1 Kd6 58. Kxf5 Kxc6 59. Ke4 Kb5
60. Kd4 Ka4 61. Kd3 Ra2 62. Kc4 0-1

[Event "GBR-ch72"]
[Site "Edinburgh"]
[Date "1985.08.01"]
[Round "4.19"]
[White "Hindle, Owen M"]
[Black "West, Guy"]
[Result "0-1"]
[WhiteElo "2380"]
[BlackElo "2310"]
[PlyCount "90"]
[EventDate "1985.07.29"]
[EventType "swiss"]
[EventRounds "11"]
[EventCountry "GBR"]
[SourceTitle "BritBase"]
[Source "John Saunders"]
[SourceDate "2020.09.07"]
[SourceVersion "1"]
[SourceVersionDate "2020.09.07"]
[SourceQuality "2"]

1. e4 c5 2. Nf3 d6 3. d4 cxd4 4. Nxd4 Nf6 5. Nc3 Nc6 6. Bg5 Bd7 7. Nb3 a6 8.
Bd3 e6 9. f4 Be7 10. O-O O-O 11. Qf3 b5 12. Rae1 b4 13. Nd1 e5 14. f5 a5 15.
Qh3 a4 16. Nd2 a3 17. b3 Nd4 18. Nc4 Bc6 19. Bd2 Bxe4 20. Rxe4 Nxe4 21. Bxe4 d5
22. f6 dxe4 23. fxe7 Qxe7 24. Nde3 Qc5 25. Kh1 Ra6 26. Qg4 f5 27. Qh4 f4 28.
Ng4 e3 29. Be1 Nxc2 30. Ngxe5 Qd5 31. Qg4 Re6 32. Nf3 Rg6 33. Qh4 Qd3 34. Rg1
Qe2 35. h3 Rh6 36. Qg5 Rxh3+ 37. gxh3 Qxf3+ 38. Kh2 g6 39. Ne5 Qd5 40. Bh4 Nd4
41. Be1 Qxe5 42. Qxe5 Nf3+ 43. Kh1 Nxe5 44. Bxb4 f3 45. Bxf8 Kxf8 0-1

[Event "GBR-ch72"]
[Site "Edinburgh"]
[Date "1985.08.01"]
[Round "4.20"]
[White "Knott, Simon JB"]
[Black "Horner, Jeff"]
[Result "1-0"]
[WhiteElo "2275"]
[BlackElo "2375"]
[PlyCount "153"]
[EventDate "1985.07.29"]
[EventType "swiss"]
[EventRounds "11"]
[EventCountry "GBR"]
[SourceTitle "BritBase"]
[Source "John Saunders"]
[SourceDate "2020.09.07"]
[SourceVersion "1"]
[SourceVersionDate "2020.09.07"]
[SourceQuality "2"]

1. c4 Nf6 2. Nc3 g6 3. Nf3 Bg7 4. e4 O-O 5. d4 d6 6. Be2 e5 7. O-O Bg4 8. d5
Bxf3 9. Bxf3 Nfd7 10. Rb1 f5 11. b4 Bf6 12. c5 dxc5 13. bxc5 Nxc5 14. Ba3 Nbd7
15. Na4 Nxa4 16. Qxa4 Nb6 17. Qc2 Be7 18. Bc1 Qd7 19. Bh6 Rfd8 20. exf5 gxf5
21. Rb3 Bf6 22. Bh5 Kh8 23. Rd1 Rg8 24. Bc1 Rg7 25. Bb2 Rf8 26. g3 e4 27. Ba3
Rd8 28. Be2 Be5 29. Kh1 Qf7 30. f4 Bf6 31. d6 cxd6 32. Bxd6 Rc8 33. Qd2 Qe6 34.
Ba3 Rd7 35. Rxb6 Rxd2 36. Rxe6 Rxe2 37. Rxf6 Rcc2 38. Rh6 Kg7 39. Rh5 h6 40. g4
fxg4 41. f5 e3 42. Rg1 Rxa2 43. Bd6 Rf2 44. Bg3 Rf3 45. Be1 Kh7 46. Rxg4 Rf1+
47. Rg1 Rxg1+ 48. Kxg1 Ra1 49. Kf1 a5 50. f6 Kg6 51. Rf5 Kf7 52. Rxa5 Rb1 53.
Rc5 b5 54. Rf5 Rb2 55. h4 Rc2 56. Rf3 Rc4 57. Ke2 b4 58. Rxe3 Kxf6 59. Rb3 Re4+
60. Kf1 Kg6 61. Rxb4 Re5 62. Bg3 Re6 63. Rb5 Ra6 64. Kg2 Kh7 65. Kh3 Rc6 66. h5
Ra6 67. Rb7+ Kg8 68. Kg4 Ra1 69. Bf4 Rg1+ 70. Kf5 Rf1 71. Rb6 Kg7 72. Rg6+ Kf7
73. Rxh6 Kg7 74. Rb6 Kh7 75. Rb7+ Kg8 76. h6 Rg1 77. h7+ 1-0

[Event "GBR-ch72"]
[Site "Edinburgh"]
[Date "1985.08.01"]
[Round "4.21"]
[White "Bowden, Karl"]
[Black "Prasad, Devaki V"]
[Result "0-1"]
[WhiteElo "2250"]
[BlackElo "2375"]
[PlyCount "112"]
[EventDate "1985.07.29"]
[EventType "swiss"]
[EventRounds "11"]
[EventCountry "GBR"]
[SourceTitle "BritBase"]
[Source "John Saunders"]
[SourceDate "2020.09.07"]
[SourceVersion "1"]
[SourceVersionDate "2020.09.07"]
[SourceQuality "2"]

1. e4 c5 2. c3 d5 3. exd5 Qxd5 4. d4 Nf6 5. Nf3 Nc6 6. Be2 cxd4 7. cxd4 e6 8.
O-O Be7 9. Bf4 O-O 10. Nc3 Qd8 11. a3 b6 12. Rc1 Bb7 13. b4 Rc8 14. Qd2 a5 15.
b5 Nb8 16. Qb2 Nd5 17. Bg3 h6 18. Rc2 Nxc3 19. Rxc3 Rxc3 20. Qxc3 Nd7 21. Ne5
Nxe5 22. Bxe5 Bd6 23. Qe3 Qe7 24. Rc1 Rd8 25. h3 Bd5 26. Rc3 Qb7 27. Bxd6 Rxd6
28. Qc1 Bxg2 29. Rg3 Be4 30. Qf4 Qd5 31. Bf3 Bxf3 32. Qf6 g6 33. Rxf3 Qg5+ 34.
Qxg5 hxg5 35. Rc3 Rd5 36. a4 Rxd4 37. Rc6 Rxa4 38. Rxb6 Rb4 39. Rb8+ Kg7 40. b6
a4 41. Kg2 a3 42. Ra8 Rxb6 43. Rxa3 f5 44. Ra5 Kf6 45. Rc5 Rb4 46. f3 Rb2+ 47.
Kg1 Re2 48. Ra5 e5 49. Ra6+ Kg7 50. Re6 e4 51. fxe4 Rxe4 52. Ra6 g4 53. h4 g3
54. Kg2 Rg4 55. Ra8 Kh6 56. Ra7 f4 0-1

[Event "GBR-ch72"]
[Site "Edinburgh"]
[Date "1985.08.01"]
[Round "4.22"]
[White "Motwani, Paul"]
[Black "Emms, John"]
[Result "1/2-1/2"]
[WhiteElo "2365"]
[BlackElo "2245"]
[PlyCount "84"]
[EventDate "1985.07.29"]
[EventType "swiss"]
[EventRounds "11"]
[EventCountry "GBR"]
[SourceTitle "BritBase"]
[Source "John Saunders"]
[SourceDate "2020.09.07"]
[SourceVersion "1"]
[SourceVersionDate "2020.09.07"]
[SourceQuality "2"]

1. e4 d6 2. d4 Nf6 3. Nc3 g6 4. Nf3 Bg7 5. Be2 O-O 6. O-O Bg4 7. Be3 Nc6 8. Qd2
e5 9. dxe5 dxe5 10. Rad1 Qc8 11. Qc1 Rd8 12. Rxd8+ Qxd8 13. Rd1 Qf8 14. h3 Bxf3
15. Bxf3 h5 16. Nb5 Rc8 17. c3 Kh7 18. Na3 Bh6 19. Nc4 Bxe3 20. Nxe3 Rd8 21.
Nd5 Ne8 22. Rd3 Rd6 23. Qd1 Qh6 24. b4 Qg5 25. Ne3 Qd8 26. Rxd6 Qxd6 27. Qc2
Qd8 28. Bd1 Nd6 29. Qd3 Qh4 30. Nd5 Qd8 31. Bb3 Kg7 32. Ba4 Ne7 33. Ne3 a6 34.
f3 Qb8 35. Nd5 Nxd5 36. Qxd5 f6 37. Bb3 b5 38. Kh2 Qe8 39. Qc5 Qc8 40. Bd5 Kh6
41. Bb3 h4 42. Qd5 Qe8 1/2-1/2

[Event "GBR-ch72"]
[Site "Edinburgh"]
[Date "1985.08.01"]
[Round "4.23"]
[White "Eke, Matthew A"]
[Black "Vaidya, Arun"]
[Result "1-0"]
[WhiteElo "2128"]
[BlackElo "2365"]
[PlyCount "93"]
[EventDate "1985.07.29"]
[EventType "swiss"]
[EventRounds "11"]
[EventCountry "GBR"]
[SourceTitle "BritBase"]
[Source "John Saunders"]
[SourceDate "2020.09.07"]
[SourceVersion "1"]
[SourceVersionDate "2020.09.07"]
[SourceQuality "2"]

1. d4 Nf6 2. Nf3 e6 3. c4 d5 4. Nc3 Be7 5. Bg5 h6 6. Bxf6 Bxf6 7. Rc1 O-O 8. e3
c6 9. Qb3 Qd6 10. Bd3 Nd7 11. O-O Bd8 12. Rfd1 f5 13. cxd5 exd5 14. e4 fxe4 15.
Nxe4 Qf4 16. Bb1 Bc7 17. Ng3 Nf6 18. Rc3 Rb8 19. h3 Re8 20. Nh2 Bd7 21. Rf3 Qd6
22. Nhf1 b6 23. Bf5 c5 24. Bxd7 c4 25. Rxf6 Qxd7 26. Qf3 gxf6 27. Nh5 Qf7 28.
Ne3 Rxe3 29. fxe3 f5 30. Rf1 Rf8 31. Nf4 Bxf4 32. Qxf4 Qe6 33. Rf3 Rf7 34. Rg3+
Kh7 35. Qb8 Rg7 36. Rxg7+ Kxg7 37. Qxa7+ Kg6 38. Kf2 h5 39. Qc7 Kh6 40. Qf4+
Kg6 41. Kf3 b5 42. a3 Qd7 43. Qe5 h4 44. g3 hxg3 45. Kxg3 f4+ 46. exf4 Qb7 47.
f5+ 1-0